Normal view
MARC view
- Grama, Joanna Lyn
Entry Personal Name
001 - CONTROL NUMBER
- control field: 95583
003 - CONTROL NUMBER IDENTIFIER
- control field: NUST
005 - DATE AND TIME OF LATEST TRANSACTION
- control field: 20220728102049.0
008 - FIXED-LENGTH DATA ELEMENTS
- fixed length control field: 220728|| aca||aabn | a|a d
040 ## - CATALOGING SOURCE
- Original cataloging agency: NUST
- Transcribing agency: NUST
100 ## - HEADING--PERSONAL NAME
- Personal name: Grama, Joanna Lyn
670 ## - SOURCE DATA FOUND
- Source citation: Work cat.: (NUST)218187: Grama, Joanna Lyn,, Legal issues in information security /
